| 000 | 00415nam a2200133Ia 4500 | ||
|---|---|---|---|
| 008 | 260210s9999 xx 000 0 und d | ||
| 024 | _a02A-BS-01 & 02A-BS-37 | ||
| 082 | _a005.74072 RAZ | ||
| 100 | _aRazi Uddin Khan & Irfan Baig | ||
| 245 | 0 | _aPakistan Cricket Board Team Selection System | |
| 260 |
_aKarachi: _bUITU, _c2002 |
||
| 600 | _aComputer Science | ||
| 650 | _aBachelor of Computer Science (BS) | ||
| 999 |
_c31706 _d31706 |
||